The Barony of Newcastle and Upper Cross in the County of Dublin by Tho. Taylor (Record no. 116833)

MARC details
000 -LEADER
fixed length control field 00741cem a22002055a 4500
001 - CONTROL NUMBER
control field L140324
008 - FIXED-LENGTH DATA ELEMENTS--GENERAL INFORMATION
fixed length control field 070918n1908 ie a 0 f eng u
035 ## - SYSTEM CONTROL NUMBER
System control number (Sirsi) u140324
041 0# - LANGUAGE CODE
Language code of text/sound track or separate title eng
100 1# - MAIN ENTRY--PERSONAL NAME
Personal name Taylor, Thomas
245 04 - TITLE STATEMENT
Title The Barony of Newcastle and Upper Cross in the County of Dublin by Tho. Taylor
Medium [cartographic material]
250 ## - EDITION STATEMENT
Edition statement Facsim.
255 ## - CARTOGRAPHIC MATHEMATICAL DATA
Statement of scale Scale 1:31680
260 ## - PUBLICATION, DISTRIBUTION, ETC.
Place of publication, distribution, etc. Southampton
Name of publisher, distributor, etc. Ordnance Survey Office
Date of publication, distribution, etc. 1908
300 ## - PHYSICAL DESCRIPTION
Extent 1 map
Dimensions 56 x 53 cm.
500 ## - GENERAL NOTE
General note The item is a reproduction of the original map by Thomas Taylor held in the Bibliotheque Nationale, Paris.
651 4# - SUBJECT ADDED ENTRY--GEOGRAPHIC NAME
Geographic name Dublin
690 ## - LOCAL SUBJECT ADDED ENTRY--TOPICAL TERM (OCLC, RLIN)
Topical term or geographic name as entry element ENVIRONMENTAL AND LAND CONSULTANCY-GEOMATICS-MAPPING AND POSITIONING-CARTOGRAPHY
942 ## - ADDED ENTRY ELEMENTS (KOHA)
Suppress in OPAC 0
Holdings
Withdrawn status Lost status Source of classification or shelving scheme Damaged status Not for loan Home library Current library Shelving location Date acquired Total Checkouts Full call number Barcode Date last seen Copy number Price effective from Koha item type
    Dewey Decimal Classification     Historic collection Historic collection Historic collection 18/09/2007   MAP CABINET DRAWER 9 140324-2001 06/08/2019 1 06/08/2019 Archive